El proceso disciplinario : (Registro nro. 49622)

Detalles MARC
000 -LEADER
fixed length control field 01381nam a2200277 4500
001 - CONTROL NUMBER
control field 0000020018
003 - CONTROL NUMBER IDENTIFIER
control field CO-CtgCURN
005 - DATE AND TIME OF LATEST TRANSACTION
control field 20250825223112.0
008 - FIXED-LENGTH DATA ELEMENTS--GENERAL INFORMATION
fixed length control field 160627s2003 000 0 eng d
020 ## - INTERNATIONAL STANDARD BOOK NUMBER
International Standard Book Number 9588192404
040 ## - CATALOGING SOURCE
Original cataloging agency CO-CtgCURN
Language of cataloging spa
Transcribing agency coctgcurn
082 0# - DEWEY DECIMAL CLASSIFICATION NUMBER
Classification number 342.068
Item number V45p
100 1# - MAIN ENTRY--PERSONAL NAME
Personal name Villegas Garzon, Oscar.
245 13 - TITLE STATEMENT
Title El proceso disciplinario :
Remainder of title ley 734 de 2002 /
Statement of responsibility, etc. Oscar Villegas Garzon.
260 ## - PUBLICATION, DISTRIBUTION, ETC.
Place of publication, distribution, etc. Bogotá :
Name of publisher, distributor, etc. Ediciones Juridicas Gustavo Ibañez,
Date of publication, distribution, etc. 2003.
300 ## - PHYSICAL DESCRIPTION
Extent 777 p.
336 ## - CONTENT TYPE
Source rdacontent
337 ## - MEDIA TYPE
Source rdamedia
Media type term sin mediacion
Media type code n
338 ## - CARRIER TYPE
Source rdacarrier
Carrier type term volumen
Carrier type code nc
500 ## - GENERAL NOTE
General note Incluye indice.
505 8# - FORMATTED CONTENTS NOTE
Formatted contents note Regimen disciplinario de los servicios Publicos.--Regimen de los notarios.--Procedimientos disciplinario.--Las acciones disciplinarias.--La Acción disciplinario.--Terminacion del proceso disciplinario.--Actuacion disciplinaria.--Notificaciones y comunicaciones.--La revocatoria directa. Pruebas. Las nulidades.--Inicio de la Acción disciplinaria.--investigación disciplinaria.--Procedimiento ordinario.--Los descargos.--Alegatos de conclusion. Segunda instancia.--Ejecucion y registro de las sanciones.--El procedimiento verbal
650 #0 - SUBJECT ADDED ENTRY--TOPICAL TERM
Topical term or geographic name entry element Derecho administrativo.
908 ## - PUT COMMAND PARAMETER (RLIN)
Put command parameter 160627
942 ## - ADDED ENTRY ELEMENTS (KOHA)
Koha item type Libros
Classification part 342.068
Item part V45p
Source of classification or shelving scheme Dewey Decimal Classification
999 ## - SYSTEM CONTROL NUMBERS (KOHA)
-- 1
Existencias
Withdrawn status Lost status Source of classification or shelving scheme Damaged status Not for loan Home library Current library Shelving location Date acquired Total checkouts Full call number Barcode Date last seen Price effective from Koha item type
    Dewey Decimal Classification     Miguel Henríquez Castañeda Miguel Henríquez Castañeda General 03/04/2019   342.068 V45p 003902 03/04/2019 03/04/2019 Libros